00393nam a2200133Ia 4500008004100000100001800041245005000059245006000109260002500169260000900194300002500203650001600228650001500244170224s9999 xx 000 0 und d aAlan Sangster 4aThe Impact of Accounting Education Research  cAlan Sangster, Tim Fogarty, Greg Stoner & Neil Marriott bAccounting Education c2015 a24:5, Pages: 423-444 xAccountancy xAccounting